Hamilton Songs - Statistics

General Stats
  • This quiz has been taken 1,326 times
  • The average score is 12 of 16
Answer Stats
Hint Answer % Correct
look into your eyes and the sky's the limit helpless
92%
grow up to be a hero and a scholar alexander hamilton
91%
i know my sister like i know my own mind satisfied
87%
i am the one thing in life i can control wait for it
86%
troops are waiting in the fields for you guns and ships
84%
oui oui mon ami je m'apelle lafayette aaron burr, sir
83%
you have your mothers name dear theodosia
82%
youre gonna need congressional approval cabinet battle #1
78%
someone in a rush next to someone looking pretty the schuyler sisters
76%
how the sausage gets made the room where it happens
74%
oh my god tear this dude apart farmer refuted
72%
something they can never take away the story of tonight
69%
have pity its quiet uptown
62%
hamilton sit down non stop
60%
do you have a clue what happens now what comes next
59%
your position is so unique one last time
58%
No matching quizzes found
Score Distribution
Percent of People with Each Score
Percentile by Number Answered
Your Score History
You have not taken this quiz